000 01457nam a22003377a 4500
003 OSt
005 20250509062952.0
008 250505t2024 |||o||||o| || 00| ||eng dd
040 _cJMCFI - Learning Resource Center
082 _aeBook/Ed. 372 Sa241 2024
100 _aSapire, Ingrid
_932523
245 _aSpotlight on basic education completion and foundational learning :
_bSouth Africa
_h[electronic resource] /
_cIngrid Sapire, Lindiwe Tshuma and Roelien Herholdt.
260 _aParis :
_bUnited Nations Educational, Scientific and Cultural Organization (UNESCO),
_c2024.
300 _a1 online resource (56 pages : colored, illus.).
650 _aEducation.
_91549
650 _aBasic education.
_924524
650 _aPrimary education.
_932452
650 _aEducational quality.
_932281
650 _aLearning.
_92819
650 _aAcademic achievement.
_96770
650 _aSouth Africa.
_932274
650 _aEducation eBook.
_931666
650 _aUnited Nations Educational, Scientific and Cultural Organization (UNESCO).
_929777
650 _aeBook (Open access).
_930865
700 _aTshuma, Lindiwe
_932524
700 _aHerholdt, Roelien
_932525
710 _aGlobal Education Monitoring Report Team
_931677
710 _aAssociation for the Development of Education in Africa
_932507
856 _uhttps://unesdoc.unesco.org/ark:/48223/pf0000389034?posInSet=97&queryId=N-684d769b-9b1d-4b07-8cb0-9d81224d5b45
942 _2ddc
_cEBK
_n0
999 _c10230
_d10230